| 000 | 00973cab a2200277 4500 | ||
|---|---|---|---|
| 001 | ##L134100 | ||
| 008 | 060710n2006 000 0 eng u | ||
| 035 | _a(Sirsi) u134100 | ||
| 041 | 0 | _aeng | |
| 100 | 1 | _aHipwell, Deirdre | |
| 245 | 0 | 0 |
_aHampshire, Dorset and south Wiltshire _bregional |
| 260 | _c2006 | ||
| 490 | 0 |
_aProperty Week _v71(27) 7 July 2006, 67-77(6) |
|
| 520 | _aReports on retail development in Portsmouth, with the replacement of the infamous Tricorn shopping centre, and the retail prospects for Southsea; a master-plan to regenerate four key sites in Salisbury; and speculative office development on the M27 corridor. | ||
| 590 | _aIKA180706 | ||
| 651 | 4 | _aHAMPSHIRE | |
| 651 | 4 | _aDORSET | |
| 651 | 4 | _aSOUTH WILTSHIRE | |
| 651 | 4 | _aPORTSMOUTH | |
| 651 | 4 | _aSOUTHSEA | |
| 651 | 4 | _aSALISBURY | |
| 651 | 4 | _aM27 CORRIDOR | |
| 690 | _aPROPERTY-COMMERCIAL PROPERTY-COMMERCIAL PROPERTY DEVELOPMENT | ||
| 700 | 1 | _aHorne, Gemma | |
| 942 | _n0 | ||
| 999 |
_c77371 _d77371 |
||